<?xml version="1.0" encoding="UTF-8"?>
<record
    xmlns:xsi="http://www.w3.org/2001/XMLSchema-instance"
    xsi:schemaLocation="http://www.loc.gov/MARC21/slim http://www.loc.gov/standards/marcxml/schema/MARC21slim.xsd"
    xmlns="http://www.loc.gov/MARC21/slim">

  <leader>00620nam a22001577a 4500</leader>
  <controlfield tag="003">OSt</controlfield>
  <controlfield tag="005">20170810075706.0</controlfield>
  <controlfield tag="008">170810b        xxu||||| |||| 00| 0 eng d</controlfield>
  <datafield tag="040" ind1=" " ind2=" ">
    <subfield code="c">RUA</subfield>
  </datafield>
  <datafield tag="082" ind1=" " ind2=" ">
    <subfield code="a">AGR LEA 2014 B549 Or.1</subfield>
  </datafield>
  <datafield tag="100" ind1=" " ind2=" ">
    <subfield code="9">11921</subfield>
    <subfield code="a">LEAP KLOEMCHANN,&#x200B;&#x179B;&#x17B6;&#x1797; &#x1781;&#x17D2;&#x1791;&#x17B9;&#x1798;&#x1785;&#x1793;&#x17D2;&#x1791;&#x1793;&#x17CD;</subfield>
  </datafield>
  <datafield tag="245" ind1=" " ind2=" ">
    <subfield code="a">utilization of different rate cow manure fertilizer on lettuce ,&#x1780;&#x17B6;&#x179A;&#x1794;&#x17D2;&#x179A;&#x17BE;&#x1794;&#x17D2;&#x179A;&#x17B6;&#x179F;&#x17CB;&#x1780;&#x1798;&#x17D2;&#x179A;&#x17B7;&#x178F;&#x1787;&#x17B8;&#x179B;&#x17B6;&#x1798;&#x1780;&#x1782;&#x17C4;&#x1781;&#x17BB;&#x179F;&#x17D7;&#x1782;&#x17D2;&#x1793;&#x17B6;&#x179B;&#x17BE;&#x178A;&#x17C6;&#x178E;&#x17B6;&#x17C6;&#x179F;&#x17B6;&#x179B;&#x17B6;&#x178A;</subfield>
  </datafield>
  <datafield tag="260" ind1=" " ind2=" ">
    <subfield code="a">phnom penh</subfield>
    <subfield code="b">RUA</subfield>
    <subfield code="c">2014</subfield>
  </datafield>
  <datafield tag="300" ind1=" " ind2=" ">
    <subfield code="a">xi;52p;</subfield>
    <subfield code="b">ill;</subfield>
    <subfield code="c">29cm;</subfield>
  </datafield>
  <datafield tag="942" ind1=" " ind2=" ">
    <subfield code="2">ddc</subfield>
    <subfield code="c">AGR</subfield>
  </datafield>
  <datafield tag="999" ind1=" " ind2=" ">
    <subfield code="c">12087</subfield>
    <subfield code="d">12087</subfield>
  </datafield>
  <datafield tag="952" ind1=" " ind2=" ">
    <subfield code="0">0</subfield>
    <subfield code="1">0</subfield>
    <subfield code="2">ddc</subfield>
    <subfield code="4">0</subfield>
    <subfield code="6">AGR_LEA_2014_000000000000000_B549_OR_1</subfield>
    <subfield code="7">0</subfield>
    <subfield code="9">61234</subfield>
    <subfield code="a">LBB</subfield>
    <subfield code="b">LBB</subfield>
    <subfield code="c">B547</subfield>
    <subfield code="d">2017-08-10</subfield>
    <subfield code="o">AGR LEA 2014 B549 Or.1</subfield>
    <subfield code="p">A08778</subfield>
    <subfield code="r">2017-08-10</subfield>
    <subfield code="w">2017-08-10</subfield>
    <subfield code="y">AGR</subfield>
  </datafield>
  <datafield tag="952" ind1=" " ind2=" ">
    <subfield code="0">0</subfield>
    <subfield code="1">0</subfield>
    <subfield code="2">ddc</subfield>
    <subfield code="4">0</subfield>
    <subfield code="6">AGR_LEA_2014_000000000000000_B549_OR_2</subfield>
    <subfield code="7">0</subfield>
    <subfield code="9">61235</subfield>
    <subfield code="a">LBB</subfield>
    <subfield code="b">LBB</subfield>
    <subfield code="c">B547</subfield>
    <subfield code="d">2017-08-10</subfield>
    <subfield code="l">3</subfield>
    <subfield code="o">AGR LEA 2014 B549 Or.2</subfield>
    <subfield code="p">A08610</subfield>
    <subfield code="r">2024-08-26</subfield>
    <subfield code="s">2024-06-10</subfield>
    <subfield code="w">2017-08-10</subfield>
    <subfield code="y">AGR</subfield>
  </datafield>
  <datafield tag="952" ind1=" " ind2=" ">
    <subfield code="0">0</subfield>
    <subfield code="1">0</subfield>
    <subfield code="2">ddc</subfield>
    <subfield code="4">0</subfield>
    <subfield code="6">AGR_LEA_2014_000000000000000_B549_OR_1</subfield>
    <subfield code="7">0</subfield>
    <subfield code="9">61236</subfield>
    <subfield code="a">LBB</subfield>
    <subfield code="b">LBB</subfield>
    <subfield code="c">B547</subfield>
    <subfield code="d">2017-08-10</subfield>
    <subfield code="o">AGR LEA 2014 B549 Or.1</subfield>
    <subfield code="r">2017-08-10</subfield>
    <subfield code="w">2017-08-10</subfield>
    <subfield code="y">AGR</subfield>
  </datafield>
  <datafield tag="952" ind1=" " ind2=" ">
    <subfield code="0">0</subfield>
    <subfield code="1">0</subfield>
    <subfield code="2">ddc</subfield>
    <subfield code="4">0</subfield>
    <subfield code="6">AGR_LEA_2014_000000000000000_B549_OR_4</subfield>
    <subfield code="7">0</subfield>
    <subfield code="9">61237</subfield>
    <subfield code="a">LBB</subfield>
    <subfield code="b">LBB</subfield>
    <subfield code="c">B547</subfield>
    <subfield code="d">2017-08-10</subfield>
    <subfield code="o">AGR LEA 2014 B549 Or.4</subfield>
    <subfield code="p">A08419</subfield>
    <subfield code="r">2017-08-10</subfield>
    <subfield code="w">2017-08-10</subfield>
    <subfield code="y">AGR</subfield>
  </datafield>
  <datafield tag="952" ind1=" " ind2=" ">
    <subfield code="0">0</subfield>
    <subfield code="1">0</subfield>
    <subfield code="2">ddc</subfield>
    <subfield code="4">0</subfield>
    <subfield code="6">AGR_LEA_2014_000000000000000_B549_OR_5</subfield>
    <subfield code="7">0</subfield>
    <subfield code="9">61238</subfield>
    <subfield code="a">LBB</subfield>
    <subfield code="b">LBB</subfield>
    <subfield code="c">B547</subfield>
    <subfield code="d">2017-08-10</subfield>
    <subfield code="o">AGR LEA 2014 B549 Or.5</subfield>
    <subfield code="p">A09214</subfield>
    <subfield code="r">2017-08-10</subfield>
    <subfield code="w">2017-08-10</subfield>
    <subfield code="y">AGR</subfield>
  </datafield>
  <datafield tag="952" ind1=" " ind2=" ">
    <subfield code="0">0</subfield>
    <subfield code="1">0</subfield>
    <subfield code="2">ddc</subfield>
    <subfield code="4">0</subfield>
    <subfield code="6">AGR_LEA_2014_000000000000000_B549_OR_6</subfield>
    <subfield code="7">0</subfield>
    <subfield code="9">61239</subfield>
    <subfield code="a">LBB</subfield>
    <subfield code="b">LBB</subfield>
    <subfield code="c">B547</subfield>
    <subfield code="d">2017-08-10</subfield>
    <subfield code="o">AGR LEA 2014 B549 Or.6</subfield>
    <subfield code="p">A08963</subfield>
    <subfield code="r">2017-08-10</subfield>
    <subfield code="w">2017-08-10</subfield>
    <subfield code="y">AGR</subfield>
  </datafield>
  <datafield tag="952" ind1=" " ind2=" ">
    <subfield code="0">0</subfield>
    <subfield code="1">0</subfield>
    <subfield code="2">ddc</subfield>
    <subfield code="4">0</subfield>
    <subfield code="6">AGR_LEA_2014_000000000000000_B549_OR_7</subfield>
    <subfield code="7">0</subfield>
    <subfield code="9">61240</subfield>
    <subfield code="a">LBB</subfield>
    <subfield code="b">LBB</subfield>
    <subfield code="c">B547</subfield>
    <subfield code="d">2017-08-10</subfield>
    <subfield code="o">AGR LEA 2014 B549 Or.7</subfield>
    <subfield code="p">A09126</subfield>
    <subfield code="r">2017-08-10</subfield>
    <subfield code="w">2017-08-10</subfield>
    <subfield code="y">AGR</subfield>
  </datafield>
  <datafield tag="952" ind1=" " ind2=" ">
    <subfield code="0">0</subfield>
    <subfield code="1">0</subfield>
    <subfield code="2">ddc</subfield>
    <subfield code="4">0</subfield>
    <subfield code="6">AGR_LEA_2014_000000000000000_B549_OR_8</subfield>
    <subfield code="7">0</subfield>
    <subfield code="9">61241</subfield>
    <subfield code="a">LBB</subfield>
    <subfield code="b">LBB</subfield>
    <subfield code="c">B547</subfield>
    <subfield code="d">2017-08-10</subfield>
    <subfield code="l">2</subfield>
    <subfield code="o">AGR LEA 2014 B549 Or.8</subfield>
    <subfield code="p">A08276</subfield>
    <subfield code="r">2018-06-20</subfield>
    <subfield code="s">2018-06-15</subfield>
    <subfield code="w">2017-08-10</subfield>
    <subfield code="y">AGR</subfield>
  </datafield>
</record>
